000 00858nam a2200277Ia 4500
003 OSt
005 20221005034137.0
006 a|||||r|||| 00| 0
007 ta
008 221004b |||||||| |||| 00| 0 urd d
020 _a9789387829688 (hbk)
_cINR 400.00
024 _a42391
037 _b2140, 16/03/2019, M.R.Publications
_cTextual
040 _aCRL
_cCRL
_burd
041 _2urd
_aurd
082 _aO168,1NNAx, Q8
100 _aMehdi Muntazir Ed.
_9586778
245 0 _aAbbas Raza Nayyar ki shairi ke abaad-o-jihaat
260 _aDelhi
_bEducational publishing house India
_c2018
300 _a405p.
_ccm.
650 _a URDU LITERATURE
650 _a URDU POETRY
650 _aURDU
_939717
942 _hO168,1NNAx, Q8
_cTEXL
_2cc
999 _c942766
_d942766